000 00878nam a2200325 a 4500
003 AR-BaBNM
005 20251128204437.0
008 082120s2002 ||||||||||||||000 | spa||
020 _a950-13-6606-5
040 _cAR-BaBNM
100 1 _aDufresse, Marie
245 0 0 _aLa gimnasia en el jardín de infantes
250 _a2ª ed.
260 _aBuenos Aires
_bKapelusz
_c1989
300 _a86 p.
_bil.
490 0 _aColección de educación física
_vv. 7
650 4 _aEDUCACION FISICA
650 4 _aGIMNASIA
650 4 _aDEPORTE
650 4 _aMETODOS DE ENSEÑANZA
650 4 _aNIÑOS DE EDAD PREESCOLAR
650 4 _aFORMACION DE DOCENTES
650 4 _aDESARROLLO DEL NIÑO
653 0 _aSISTEMA EDUCATIVO
653 _aEDUCACION INICIAL
653 _aJARDINES DE INFANTES
700 1 _aThomas, Juan Jorge
_etraductor
942 _cBK
998 _cHector
999 _c7448
_d7448